|
|
|
|
| LEADER |
01669nam a2200265 i 4500 |
| 003 |
GR-PaULI |
| 005 |
20220805131852.0 |
| 008 |
181203s2006 gr o|||g q || 001 0dgre d |
| 952 |
|
|
|0 0
|1 0
|2 ddc
|4 0
|6 791_430000000000000_233_092_ΤΣΙ
|7 0
|9 228009
|a THST
|b THST
|d 2018-12-03
|i 010297
|l 0
|o 791.430 233 092 ΤΣΙ
|p 025000255689
|r 2018-12-03 00:00:00
|t 1
|v 2018.00
|w 2018-12-03
|y BKN
|
| 999 |
|
|
|c 137561
|d 137561
|
| 020 |
|
|
|a 9603222682
|
| 040 |
|
|
|a GR-PaULI
|b gre
|c GR-PaULI
|e AACR2
|
| 082 |
0 |
4 |
|2 23
|a 791.430 233 092
|
| 110 |
2 |
|
|9 93045
|a Φεστιβάλ Κινηματογράφου Θεσσαλονίκης
|
| 245 |
1 |
0 |
|a Σταύρος Τσιώλης /
|c Ηλίας Κανέλλης
|
| 260 |
|
|
|a Αθήνα :
|b Φεστιβάλ Κινηματογράφου Θεσσαλονίκης ;
|b Αιγόκερως,
|c 2006.
|
| 300 |
|
|
|a 191 σ. :
|b φωτ. ;
|c 25 εκ.
|
| 500 |
|
|
|a Το βιβλίο αυτό εκδόθηκε με την ευκαιρία της πλήρους αναδρομής στο έργο του Σταύρου Τσιώλη, που οργανώθηκε από το 47ο Φεστιβάλ Κινηματογράφου Θεσσαλονίκης. (17-26 Νοεμβρίου 2006).
|
| 504 |
|
|
|6 Περιλαμβάνει φιλμογραφία.
|
| 600 |
1 |
4 |
|a Τσιώλης, Σταύρος,
|d 1937-2019.
|9 148662
|
| 650 |
|
4 |
|a Κινηματογράφος
|x Παραγωγοί και σκηνοθέτες
|z Ελλάδα
|9 25060
|
| 700 |
1 |
4 |
|9 30648
|a Κανέλλης, Ηλίας
|e επιμελητής
|
| 711 |
2 |
|
|9 172310
|a Φεστιβάλ Κινηματογράφου Θεσσαλονίκης
|n (47ο :
|d 2006 :
|c Θεσσαλονίκη)
|
| 942 |
|
|
|2 ddc
|c BKN
|
| 998 |
|
|
|c ΜΑΝΙΑ
|d 2018-12
|